00646nam a2200241 a 4500001001300000003000900013005001700022008004100039020001000080082001400090100002000104245001900124260004800143300000800191500003500199505001000234650001600244700002000260902000800280942000700288952009400295999001500389nice12345678IN_TiNIC20260116011832.0050524s1884 laha grp 000 0 urd  ac10000a239bFIN1 aFinder, Kashash aHalul Ashkaal. aLahorebPunjab Religious Booksociety c1884 a60p aincludes index and biblioraphy2 aNotes aApologetics1 aFinder, Kashash bSRS cBK 00104070aHMIbHMId2007-06-21g100.00l0o239 FIN1p9602r2007-06-21w2026-01-16yARB c4320d4320